000 00778nai a2200217Ia 4500
003 IN-BaIIA
008 211028c9999 xx s 000 0 eng d
022 _a1545-0279 (Print)
022 _a2160-2492 (Online)
040 _cIIA Library
245 0 _aSMPTE Motion Imaging Journal
_h[eJournal]
260 _aNew York, USA
_bSOC Motion Picture TV Eng. Inc.(SMPTE)
310 _a10/year
362 _a111(10); 2002 - Present
521 _bSubscribed through National Knowledge Resource Consortium (NKRC)
650 _a Communication, Networking and Broadcast Technologies
650 _a Components, Circuits, Devices and Systems
650 _aAerospace
856 _uhttps://ieeexplore.ieee.org/servlet/opac?punumber=7261654
_yClick Here to Access eJournal
942 _cEJ
999 _c35695
_d35695